=LDR 00000nam 2200000 4500 =001 INLIS000000000003117 =005 20130612091428 =008 ***********************************Ind** =035 ##$$0010-061300000003117 =041 ##$$a Ind =082 ##$$a 633.1 =090 ##$$a 633.1, Nur s =100 ##$$a Nurmala, Tati =245 ##$$a Serealia sreniber korbohidrat utama / Tati Nurmala. -- =260 ##$$a 1998 $b Jakarta : Rineka Cipta =300 ##$$a 93 hlm. : ilus. ; 21 cm =650 ##$$a Serealia-Penanaman =850 ##$$a NBPNMAT